[Event "8th RTU Open 2018"]
[Site "Riga"]
[Date "2018.08.11"]
[Round "8"]
[White "Juknis, Paulius"]
[Black "Hansen, Mads"]
[Result "0-1"]
[WhiteElo "2231"]
[BlackElo "2387"]
[Annotator "NA"]
[PlyCount "68"]
[EventDate "2018.08.06"]
[EventType "swiss"]
[EventCountry "LAT"]
[SourceTitle "playchess.com"]
[Source "ChessBase"]
[SourceQuality "1"]
[TimeControl "5400+30"]

1. d4 {[%emt 0:00:00]} d5 {[%emt 0:00:00]} 2. Bf4 {[%emt 0:00:00]} Nf6 {[%emt 0:00:00]} 3. e3 {[%emt 0:00:00]} c5 {[%emt 0:00:01]} 4. c3 {[%emt 0:00:00]} Nc6 {[%emt 0:00:06]} 5. Nd2 {[%emt 0:00:04]} e6 {[%emt 0:00:10]} 6. Ngf3 {[%emt 0:00:10]} Bd6 {[%emt 0:00:07]} 7. Bg3 {[%emt 0:00:07]} O-O {[%emt 0:00:57]} 8. Bd3 {[%emt 0:00:07]} b6 {[%emt 0:01:15]} 9. e4 {[%emt 0:00:12]} dxe4 {[%emt 0:04:16]} 10. Nxe4 {[%emt 0:00:17]} Be7 {[%emt 0:03:04]} 11. dxc5 {[%emt 0:12:44]} bxc5 {[%emt 0:00:13]} 12. Nxf6+ {[%emt 0:02:22]} Bxf6 {[%emt 0:00:18]} 13. Qc2 {[%emt 0:05:32]} h6 {[%emt 0:01:34]} 14. O-O {[%emt 0:04:33]} Bb7 {[%emt 0:02:25]} 15. Rfe1 {[%emt 0:03:15]} Qb6 {[%emt 0:03:29]} 16. Nd2 {[%emt 0:03:14]} Na5 {[%emt 0:01:34]} 17. Be4 {[%emt 0:18:34]} Bd5 {[%emt 0:03:52]} 18. b3 {[%emt 0:01:47]} Rfd8 {[%emt 0:06:02]} 19. Rad1 {[%emt 0:00:19]} Nc6 {[%emt 0:01:08]} 20. Bxd5 {[%emt 0:07:19]} exd5 {[%emt 0:00:31]} 21. c4 {[%emt 0:02:41]} Nb4 {[%emt 0:07:09]} 22. Qb1 {[%emt 0:00:53]} Qa6 {[%emt 0:02:18]} 23. a4 {[%emt 0:00:46]} Bc3 {[%emt 0:03:23]} 24. Re2 {[%emt 0:04:57]} Bxd2 {[%emt 0:01:35]} 25. Rexd2 {[%emt 0:00:09]} d4 {[%emt 0:00:04]} 26. Re2 {[%emt 0:06:12]} Re8 {[%emt 0:01:03]} 27. Rxe8+ {[%emt 0:04:05]} Rxe8 {[%emt 0:00:03]} 28. Bf4 {[%emt 0:00:21]} Qf6 {[%emt 0:01:32]} 29. Bg3 {[%emt 0:04:17]} d3 {[%emt 0:01:28]} 30. h3 {[%emt 0:01:32]} Qc3 {[%emt 0:03:33]} 31. Bf4 {[%emt 0:01:09]} Re2 {[%emt 0:03:17]} 32. Kf1 {[%emt 0:00:39]} Nc2 {[%emt 0:01:42]} 33. h4 {[%emt 0:05:02]} Qd4 {[%emt 0:04:52]} 34. Bg3 {[%emt 0:00:36]} Qe4 {[%emt 0:00:15]} 0-1

[Event "8th RTU Open 2018"]
[Site "Riga"]
[Date "2018.08.11"]
[Round "8"]
[White "Priyanka, Nutakki"]
[Black "Chekletsov, Ilya"]
[Result "1-0"]
[WhiteElo "2212"]
[BlackElo "2379"]
[Annotator "NA"]
[PlyCount "67"]
[EventDate "2018.08.06"]
[EventType "swiss"]
[EventCountry "LAT"]
[SourceTitle "playchess.com"]
[Source "ChessBase"]
[SourceQuality "1"]
[TimeControl "5400+30"]

1. e4 c5 2. Nf3 d6 3. d4 cxd4 4. Qxd4 Nc6 5. Bb5 Bd7 6. Bxc6 Bxc6 7. Nc3 h6 8. Qd3 e5 9. Nd2 Nf6 10. Nc4 Be7 11. Ne3 g6 12. O-O O-O 13. a4 Rc8 14. Ncd5 Bxd5 15. Nxd5 Kg7 16. c3 Nxd5 17. Qxd5 Qc7 18. Be3 Bg5 19. f4 exf4 20. Bxa7 Kh7 21. Bd4 Qe7 22. e5 Rcd8 23. exd6 Rxd6 24. Qe5 Qxe5 25. Bxe5 Rd2 26. Rf2 f3 27. Rxd2 Bxd2 28. gxf3 Re8 29. Bg3 f5 30. Rd1 Be3+ 31. Bf2 f4 32. Rd7+ Kg8 33. Bxe3 fxe3 34. Kf1 1-0

[Event "8th RTU Open 2018"]
[Site "Riga"]
[Date "2018.08.11"]
[Round "8"]
[White "Kukk, Sander"]
[Black "Seeman, Tarvo"]
[Result "1/2-1/2"]
[WhiteElo "2194"]
[BlackElo "2405"]
[Annotator "NA"]
[PlyCount "97"]
[EventDate "2018.08.06"]
[EventType "swiss"]
[EventCountry "LAT"]
[SourceTitle "playchess.com"]
[Source "ChessBase"]
[SourceQuality "1"]
[TimeControl "5400+30"]

1. b3 {[%emt 0:00:00]} Nf6 {[%emt 0:01:09]} 2. Bb2 {[%emt 0:00:00]} g6 {[%emt 0:00:22]} 3. g3 {[%emt 0:03:18]} Bg7 {[%emt 0:00:42]} 4. Bg2 {[%emt 0:00:10]} O-O {[%emt 0:01:09]} 5. e3 {[%emt 0:00:12]} c5 {[%emt 0:05:56]} 6. Ne2 {[%emt 0:00:30]} Nc6 {[%emt 0:03:52]} 7. O-O {[%emt 0:00:56]} d5 {[%emt 0:02:04]} 8. d3 {[%emt 0:02:28]} e5 {[%emt 0:02:56]} 9. c4 {[%emt 0:01:44]} d4 {[%emt 0:04:31]} 10. e4 {[%emt 0:14:55]} Bd7 {[%emt 0:08:41]} 11. h3 {[%emt 0:04:19]} Ne8 {[%emt 0:07:13]} 12. Nd2 {[%emt 0:23:11]} Nd6 {[%emt 0:00:44]} 13. Kh2 {[%emt 0:02:05]} Qc7 {[%emt 0:06:34]} 14. a3 {[%emt 0:01:36]} a5 {[%emt 0:01:07]} 15. f4 {[%emt 0:08:13]} f5 {[%emt 0:01:35]} 16. Bc1 {[%emt 0:03:01]} Rae8 {[%emt 0:04:18]} 17. fxe5 {[%emt 0:02:46]} Nxe5 {[%emt 0:00:56]} 18. Nf4 {[%emt 0:01:07]} Qd8 {[%emt 0:08:04]} 19. exf5 {[%emt 0:02:49]} Bxf5 {[%emt 0:03:38]} 20. Nf3 {[%emt 0:01:11]} Nxf3+ {[%emt 0:03:42]} 21. Qxf3 {[%emt 0:01:31]} Kh8 {[%emt 0:00:10]} 22. h4 {[%emt 0:03:39]} b6 {[%emt 0:01:32]} 23. b4 {[%emt 0:00:48]} Nf7 {[%emt 0:01:19]} 24. bxc5 {[%emt 0:02:06]} bxc5 {[%emt 0:00:13]} 25. Qd5 {[%emt 0:04:40]} Qc8 {[%emt 0:02:28]} 26. Bd2 {[%emt 0:01:08]} Ne5 {[%emt 0:00:46]} 27. Bxa5 {[%emt 0:02:35]} Ng4+ {[%emt 0:00:59]} 28. Kg1 {[%emt 0:00:12]} Ne3 {[%emt 0:00:14]} 29. Qc6 {[%emt 0:00:04]} Nxf1 {[%emt 0:01:01]} 30. Qxc8 {[%emt 0:00:26]} Rxc8 {[%emt 0:00:44]} 31. Bxf1 {[%emt 0:00:52]} Be5 {[%emt 0:00:56]} 32. a4 {[%emt 0:02:59]} Bxf4 {[%emt 0:04:42]} 33. gxf4 {[%emt 0:00:05]} Rf6 {[%emt 0:01:10]} 34. Bd2 {[%emt 0:02:13]} Rb6 {[%emt 0:02:59]} 35. a5 {[%emt 0:01:27]} Rb3 {[%emt 0:03:04]} 36. a6 {[%emt 0:06:28]} Ra8 {[%emt 0:00:41]} 37. Ra5 {[%emt 0:01:37]} Ra7 {[%emt 0:00:42]} 38. Rb5 {[%emt 0:00:39]} Ra3 {[%emt 0:11:24]} 39. Rb8+ {[%emt 0:00:33]} Kg7 {[%emt 0:00:04]} 40. Rb7+ {[%emt 0:00:10]} Rxb7 {[%emt 0:00:06]} 41. axb7 {[%emt 0:00:02]} Rb3 {[%emt 0:00:07]} 42. Bg2 {[%emt 0:00:22]} Bxd3 {[%emt 0:00:09]} 43. Bd5 {[%emt 0:01:44]} Kf6 {[%emt 0:01:40]} 44. Ba5 {[%emt 0:00:28]} Kf5 {[%emt 0:01:47]} 45. Bc7 {[%emt 0:00:09]} Bxc4 {[%emt 0:00:42]} 46. Bf3 {[%emt 0:00:34]} Be2 {[%emt 0:01:35]} 47. Bd5 {[%emt 0:00:43]} Bc4 {[%emt 0:00:20]} 48. Bf3 {[%emt 0:00:12]} Be2 {[%emt 0:00:27]} 49. Bd5 {[%emt 0:00:35] Ke5} 1/2-1/2

[Event "8th RTU Open 2018"]
[Site "Riga"]
[Date "2018.08.11"]
[Round "8"]
[White "Player, Edmund C"]
[Black "Jablonicky, Martin"]
[Result "1/2-1/2"]
[WhiteElo "2194"]
[BlackElo "2361"]
[Annotator "NA"]
[PlyCount "120"]
[EventDate "2018.08.06"]
[EventType "swiss"]
[EventCountry "LAT"]
[SourceTitle "playchess.com"]
[Source "ChessBase"]
[SourceQuality "1"]
[TimeControl "5400+30"]

1. e4 {[%emt 0:00:00]} c6 {[%emt 0:00:00]} 2. d4 {[%emt 0:00:00]} d5 {[%emt 0:00:00]} 3. Nd2 {[%emt 0:03:08]} dxe4 {[%emt 0:00:00]} 4. Nxe4 {[%emt 0:00:05]} Bf5 {[%emt 0:00:00]} 5. Ng3 {[%emt 0:00:20]} Bg6 {[%emt 0:00:03]} 6. Nh3 {[%emt 0:03:34]} e6 {[%emt 0:01:01]} 7. Nf4 {[%emt 0:00:37]} Nf6 {[%emt 0:00:26]} 8. h4 {[%emt 0:02:51]} c5 {[%emt 0:23:05]} 9. h5 {[%emt 0:11:03]} Be4 {[%emt 0:00:05]} 10. Nxe4 {[%emt 0:03:58]} Nxe4 {[%emt 0:00:02]} 11. Qf3 {[%emt 0:25:00]} Qxd4 {[%emt 0:02:45]} 12. Bb5+ {[%emt 0:06:56]} Nc6 {[%emt 0:00:06]} 13. O-O {[%emt 0:04:54]} Rd8 {[%emt 0:17:15]} 14. Re1 {[%emt 0:14:54]} Nf6 {[%emt 0:00:58]} 15. Bxc6+ {[%emt 0:13:15]} bxc6 {[%emt 0:00:01]} 16. Qxc6+ {[%emt 0:00:12]} Qd7 {[%emt 0:00:05]} 17. Qf3 {[%emt 0:00:29]} h6 {[%emt 0:06:55]} 18. Be3 {[%emt 0:00:18]} Bd6 {[%emt 0:01:27]} 19. Rad1 {[%emt 0:00:33]} Qc7 {[%emt 0:00:03]} 20. c4 {[%emt 0:00:44]} O-O {[%emt 0:00:47]} 21. Nd3 {[%emt 0:03:44]} e5 {[%emt 0:01:16]} 22. Nc1 {[%emt 0:00:33]} e4 {[%emt 0:00:54]} 23. Qh3 {[%emt 0:01:28]} a5 {[%emt 0:05:35]} 24. Qh4 {[%emt 0:01:33]} Be5 {[%emt 0:01:36]} 25. Nb3 {[%emt 0:00:19]} Rxd1 {[%emt 0:01:10]} 26. Rxd1 {[%emt 0:00:02]} Rd8 {[%emt 0:00:05]} 27. Rb1 {[%emt 0:01:59]} Rd3 {[%emt 0:00:17]} 28. Qh3 {[%emt 0:00:56]} Bd4 {[%emt 0:00:55]} 29. Qf5 {[%emt 0:00:31]} Bxe3 {[%emt 0:12:51]} 30. fxe3 {[%emt 0:00:05]} Qd8 {[%emt 0:10:25]} 31. Rf1 {[%emt 0:00:54]} a4 {[%emt 0:03:15]} 32. Nxc5 {[%emt 0:00:16]} Rxe3 {[%emt 0:00:01]} 33. b4 {[%emt 0:00:41]} axb3 {[%emt 0:00:13]} 34. Nxb3 {[%emt 0:00:24]} Rg3 {[%emt 0:02:46]} 35. Qf2 {[%emt 0:00:40]} Qc7 {[%emt 0:01:49]} 36. Qf4 {[%emt 0:00:28]} Qa7+ {[%emt 0:00:22]} 37. c5 {[%emt 0:00:11]} Rxb3 {[%emt 0:00:18]} 38. axb3 {[%emt 0:00:07]} Qxc5+ {[%emt 0:00:04]} 39. Qf2 {[%emt 0:01:03]} Qxh5 {[%emt 0:02:51]} 40. Qf5 {[%emt 0:00:09]} Qe2 {[%emt 0:03:05]} 41. Qc8+ {[%emt 0:00:08]} Kh7 {[%emt 0:00:01]} 42. Qf5+ {[%emt 0:00:10]} Kh8 {[%emt 0:00:22]} 43. Qc8+ {[%emt 0:00:18]} Ng8 {[%emt 0:01:00]} 44. Rxf7 {[%emt 0:01:00]} Qd1+ {[%emt 0:02:25]} 45. Rf1 {[%emt 0:00:43]} Qxb3 {[%emt 0:00:06]} 46. Qe8 {[%emt 0:01:00]} Qe3+ {[%emt 0:02:42]} 47. Kh2 {[%emt 0:00:07]} Qd4 {[%emt 0:00:12]} 48. Re1 {[%emt 0:00:57]} e3 {[%emt 0:01:28]} 49. Rxe3 {[%emt 0:00:10]} Qf4+ {[%emt 0:00:23]} 50. Kg1 {[%emt 0:00:27]} Qd4 {[%emt 0:00:07]} 51. Kf1 {[%emt 0:00:53]} Qd1+ {[%emt 0:00:10]} 52. Re1 {[%emt 0:00:18]} Qd3+ {[%emt 0:00:05]} 53. Kg1 {[%emt 0:00:30]} Qd4+ {[%emt 0:00:05]} 54. Qe3 {[%emt 0:00:40]} Qb4 {[%emt 0:00:35]} 55. Qe4 {[%emt 0:00:24]} Qc5+ {[%emt 0:00:09]} 56. Qe3 {[%emt 0:00:03]} Qb4 {[%emt 0:00:19]} 57. Rf1 {[%emt 0:00:39]} Qd6 {[%emt 0:00:07]} 58. Qf4 {[%emt 0:01:02]} Qc5+ {[%emt 0:00:05]} 59. Qf2 {[%emt 0:00:09]} Qd6 {[%emt 0:00:10]} 60. Qf8 {[%emt 0:00:51]} Qd4+ {[%emt 0:00:04]} 1/2-1/2

[Event "8th RTU Open 2018"]
[Site "Riga"]
[Date "2018.08.11"]
[Round "8"]
[White "Lahav, Michal"]
[Black "Oboladze, Luka"]
[Result "1/2-1/2"]
[WhiteElo "2131"]
[BlackElo "2349"]
[Annotator "NA"]
[PlyCount "108"]
[EventDate "2018.08.06"]
[EventType "swiss"]
[EventCountry "LAT"]
[SourceTitle "playchess.com"]
[Source "ChessBase"]
[SourceQuality "1"]
[TimeControl "5400+30"]

1. e4 {[%emt 0:00:00]} c5 {[%emt 0:00:00]} 2. Nf3 {[%emt 0:00:00]} e6 {[%emt 0:00:00]} 3. d4 {[%emt 0:00:00]} cxd4 {[%emt 0:00:10]} 4. Nxd4 {[%emt 0:00:00]} a6 {[%emt 0:00:18]} 5. Bd3 {[%emt 0:00:17]} Bc5 {[%emt 0:00:13]} 6. Nb3 {[%emt 0:00:13]} Ba7 {[%emt 0:00:06]} 7. Nc3 {[%emt 0:00:26]} Ne7 {[%emt 0:00:13]} 8. Qe2 {[%emt 0:00:16]} Nbc6 {[%emt 0:01:36]} 9. Be3 {[%emt 0:00:50]} d6 {[%emt 0:07:40]} 10. O-O-O {[%emt 0:02:13]} e5 {[%emt 0:00:26]} 11. f4 {[%emt 0:11:39]} Bxe3+ {[%emt 0:03:45]} 12. Qxe3 {[%emt 0:00:07]} exf4 {[%emt 0:00:10]} 13. Qxf4 {[%emt 0:00:23]} O-O {[%emt 0:01:27]} 14. h4 {[%emt 0:03:49]} Ng6 {[%emt 0:01:55]} 15. Qg3 {[%emt 0:00:59]} Nge5 {[%emt 0:00:26]} 16. Be2 {[%emt 0:00:58]} Be6 {[%emt 0:02:33]} 17. Rd2 {[%emt 0:12:58]} Qc7 {[%emt 0:04:18]} 18. Rhd1 {[%emt 0:01:46]} Rfd8 {[%emt 0:00:49]} 19. Nd4 {[%emt 0:16:02]} Nxd4 {[%emt 0:02:54]} 20. Rxd4 {[%emt 0:00:07]} Rac8 {[%emt 0:03:03]} 21. R1d2 {[%emt 0:01:11]} Qe7 {[%emt 0:06:40]} 22. Kb1 {[%emt 0:03:59]} Rc6 {[%emt 0:02:34]} 23. Kc1 {[%emt 0:09:55]} Rdc8 {[%emt 0:00:56]} 24. Rd1 {[%emt 0:00:38]} Bxa2 {[%emt 0:02:49]} 25. Nxa2 {[%emt 0:10:04]} Rxc2+ {[%emt 0:00:32]} 26. Kb1 {[%emt 0:00:02]} Rxe2 {[%emt 0:08:45]} 27. Nc3 {[%emt 0:02:45]} Rxc3 {[%emt 0:01:22]} 28. Qxc3 {[%emt 0:00:37]} Nc6 {[%emt 0:02:36]} 29. Rxd6 {[%emt 0:02:00]} h6 {[%emt 0:08:02]} 30. Qf3 {[%emt 0:01:59]} Qxe4+ {[%emt 0:01:08]} 31. Qxe4 {[%emt 0:00:06]} Rxe4 {[%emt 0:00:03]} 32. g3 {[%emt 0:00:23]} Rg4 {[%emt 0:01:34]} 33. R1d3 {[%emt 0:02:17]} Kh7 {[%emt 0:07:11]} 34. Rd7 {[%emt 0:02:36]} Ne5 {[%emt 0:01:34]} 35. R7d4 {[%emt 0:00:07]} Rg6 {[%emt 0:08:18]} 36. Re3 {[%emt 0:00:56]} f6 {[%emt 0:00:20]} 37. Rc3 {[%emt 0:04:21]} b5 {[%emt 0:04:14]} 38. Rd8 {[%emt 0:00:46]} Rg4 {[%emt 0:01:17]} 39. Ra8 {[%emt 0:00:39]} b4 {[%emt 0:00:22]} 40. Re3 {[%emt 0:04:42]} Nc4 {[%emt 0:00:17]} 41. Rd3 {[%emt 0:00:31]} Ne5 {[%emt 0:00:09]} 42. Rb3 {[%emt 0:01:28]} Nc4 {[%emt 0:01:03]} 43. Rd3 {[%emt 0:00:14]} Re4 {[%emt 0:02:44]} 44. Ka2 {[%emt 0:02:46]} a5 {[%emt 0:00:38]} 45. h5 {[%emt 0:00:31]} Re5 {[%emt 0:01:16]} 46. g4 {[%emt 0:00:27]} Nb6 {[%emt 0:01:08]} 47. Rb8 {[%emt 0:01:09]} Nd5 {[%emt 0:00:28]} 48. Kb3 {[%emt 0:01:46]} Ne7 {[%emt 0:04:29]} 49. Rdd8 {[%emt 0:01:16]} g5 {[%emt 0:00:28]} 50. Rb7 {[%emt 0:00:59]} Kg7 {[%emt 0:00:08]} 51. Re8 {[%emt 0:00:22]} Kf7 {[%emt 0:00:09]} 52. Rh8 {[%emt 0:00:08]} Kg7 {[%emt 0:01:07]} 53. Re8 {[%emt 0:00:02]} Kf7 {[%emt 0:00:07]} 54. Rh8 {[%emt 0:00:03]} Kg7 {[%emt 0:02:59]} 1/2-1/2

[Event "8th RTU Open 2018"]
[Site "Riga"]
[Date "2018.08.12"]
[Round "9"]
[White "Predke, Alexandr"]
[Black "Hovhannisyan, Robert"]
[Result "1/2-1/2"]
[WhiteElo "2606"]
[BlackElo "2608"]
[Annotator "TA"]
[PlyCount "63"]
[EventDate "2018.08.06"]
[EventType "swiss"]
[EventCountry "LAT"]
[SourceTitle "playchess.com"]
[Source "ChessBase"]
[SourceQuality "1"]

{[%evp 16,63,24,16,20,23,25,12,14,16,27,25,22,25,27,0,8,15,20,10,31,28,59,61,48,52,51,18,46,41,44,35,46,43,31,0,0,0,0,0,0,0,0,0,0,-2,0,0,0,0]} 1. d4 d5 2. c4 c6 3. Nf3 Nf6 4. e3 Bg4 {[%cal Bc8g4,Bg4h5,Bh5g6,Bg6c2][%mdl 32]} 5. h3 Bh5 6. g4 {D11: Slav Defence: 3 Nf3 sidelines and 3...Nf6 4 e3 Bg4} (6. Nc3 e6 7. g4 Bg6 8. Ne5 Nbd7 9. Nxg6 hxg6 10. g5 Ng8 11. h4 Bb4 12. Qb3 Bxc3+ 13. bxc3 Ne7 14. Ba3 Nb6 15. Bxe7 Qxe7 {½-½ (85) Ding,L (2774)-Carlsen,M (2837) Saint Louis 2017}) 6... Bg6 7. Qb3 Qb6 8. Nc3 e6 9. Ne5 {LiveBook: 6 Games} Qxb3 10. axb3 Bc2 11. Bd3 Bxb3 12. c5 Nbd7 $146 {[#] Hoping for ...Nxe5.} ({Predecessor:} 12... Nfd7 13. Nf3 e5 14. Nd2 Bc4 15. Nxc4 dxc4 16. Bxc4 {½-½ (31) Van der Werf,J (1702)-De Boer,B (1854) Rotterdam 2016}) 13. Nf3 $1 Bc4 14. Bxc4 dxc4 15. Ra4 b5 16. cxb6 $1 Nxb6 17. Ra6 Nfd5 18. Ke2 {[%mdl 1024] White has compensation.} Bb4 19. Bd2 Nc7 20. Ra2 f6 21. Na4 Bd6 22. Rc1 O-O 23. Nc5 Rfb8 24. Ba5 Bf8 25. Nd7 Nxd7 {The position is equal.} 26. Bxc7 Rb7 27. Bg3 Rb4 28. Nd2 c5 29. dxc5 Nxc5 30. Rxc4 Rxc4 31. Nxc4 e5 32. Nd2 {Precision: White = 68%, Black = 65%.} 1/2-1/2

[Event "8th RTU Open 2018"]
[Site "Riga"]
[Date "2018.08.12"]
[Round "9"]
[White "Svane, Rasmus"]
[Black "Yankelevich, Lev"]
[Result "1-0"]
[WhiteElo "2591"]
[BlackElo "2420"]
[Annotator "ChessBase"]
[PlyCount "47"]
[EventDate "2018.08.06"]
[EventType "swiss"]
[EventCountry "LAT"]
[SourceTitle "playchess.com"]
[Source "ChessBase"]
[SourceQuality "1"]
[TimeControl "5400+30"]

1. d4 {[%emt 0:00:00]} g6 {[%emt 0:00:00]} 2. e4 {[%emt 0:03:23]} d6 {[%emt 0:00:13]} 3. Nf3 {[%emt 0:01:23]} Nf6 {[%emt 0:00:10]} 4. Bd3 {[%emt 0:04:40]} Bg7 {[%emt 0:00:05]} 5. O-O {[%emt 0:00:08]} O-O {[%emt 0:00:02]} 6. Re1 {[%emt 0:03:23]} Nc6 {[%emt 0:00:06]} 7. c3 {[%emt 0:00:35]} e5 {[%emt 0:01:53]} 8. h3 {[%emt 0:00:46]} Nh5 {[%emt 0:01:13]} 9. Bg5 {[%emt 0:02:06]} Bf6 {[%emt 0:03:44]} 10. Be3 {[%emt 0:02:21]} Nf4 {[%emt 0:00:55]} 11. Bxf4 {[%emt 0:02:31]} exf4 {[%emt 0:00:03]} 12. Na3 {[%emt 0:09:32]} Bg7 {[%emt 0:05:16]} 13. Qd2 {[%emt 0:04:04]} g5 {[%emt 0:00:44]} 14. Rad1 {[%emt 0:02:21]} h6 {[%emt 0:03:06]} 15. e5 {[%emt 0:20:47]} d5 {[%emt 0:02:27]} 16. c4 {[%emt 0:11:03]} Ne7 {[%emt 0:04:04]} 17. Nh2 {[%emt 0:12:08]} c6 {[%emt 0:05:08]} 18. cxd5 {[%emt 0:02:46]} Nxd5 {[%emt 0:05:07]} 19. Nc4 {[%emt 0:00:34]} Be6 {[%emt 0:00:32]} 20. Qe2 {[%emt 0:02:19]} Ne7 {[%emt 0:09:49]} 21. Nd6 {[%emt 0:01:06]} Qd7 {[%emt 0:04:24]} 22. Qh5 {[%emt 0:04:23]} Nf5 {[%emt 0:07:02]} 23. Ng4 {[%emt 0:02:18]} f6 {[%emt 0:11:53]} 24. Qg6 {[%emt 0:01:33]} 1-0

[Event "8th RTU Open 2018"]
[Site "Riga"]
[Date "2018.08.12"]
[Round "9"]
[White "Esipenko, Andrey"]
[Black "Kovalenko, Igor"]
[Result "1/2-1/2"]
[WhiteElo "2589"]
[BlackElo "2641"]
[Annotator "TA"]
[PlyCount "65"]
[EventDate "2018.08.06"]
[EventType "swiss"]
[EventCountry "LAT"]
[SourceTitle "playchess.com"]
[Source "ChessBase"]
[SourceQuality "1"]

{[%evp 17,65,17,24,0,28,20,20,20,20,20,20,20,20,22,16,23,27,29,15,0,0,0,0,0,0,0,0,0,0,0,0,0,0,0,0,0,32,35,34,0,0,0,0,0,0,0,0,0,0,0]} 1. d4 Nf6 2. Nf3 g6 3. g3 Bg7 4. Bg2 O-O 5. O-O b6 6. c4 Bb7 7. d5 Ne4 {A50: Damenindisch (ohne e7-e6)} (7... e6 8. Nc3 Re8 9. Nd4 exd5 10. cxd5 Na6 11. e4 Nc5 12. Re1 Nxd5 13. exd5 Rxe1+ 14. Qxe1 Bxd4 15. Be3 {0-1 (39) Melkumyan,H (2633)-Mamedyarov,S (2799) Riadh 2017}) 8. Qc2 f5 9. Rd1 Na6 {LiveBook: 4 Partien} 10. Be3 Qe8 11. Bd4 e5 12. dxe6 $1 Bxd4 $146 ({Vorgänger:} 12... Qxe6 13. Bxg7 Kxg7 14. Nc3 Rae8 15. Nd5 {½-½ (36) Menezes,C (2346)-Dann,M (2477) Boeblingen 2015}) 13. Nxd4 dxe6 14. Nd2 {[%cal Rd2e4]} Nd6 15. Bxb7 Nxb7 16. N4f3 e5 {[%cal Be6e5,Be5e4][%mdl 32]} 17. c5 Naxc5 18. b4 e4 19. Ng5 {[#] Droht Dc4+ und aus.} Ne6 20. Nxe6 Qxe6 21. Qxc7 Rf7 22. Qf4 (22. Qc3 {keeps more tension.} Rc8 23. Qb3 Re7 24. Qxe6+ Rxe6 25. Rac1) 22... Rd8 23. Nb3 Rfd7 24. Rxd7 Rxd7 25. Rc1 Nd8 26. e3 Nf7 27. Nd4 Qe8 28. Qh4 Ne5 {[#] Und weiter mit ...Txd4! wäre nett.Die Stellung ist ausgeglichen.} 29. Qf6 Rf7 30. Qd6 Rd7 31. Qf6 Rf7 32. Qd6 Rd7 33. Qf6 {Precision: Weiß = 71%, Schwarz = 79%.} 1/2-1/2

[Event "8th RTU Open 2018"]
[Site "Riga"]
[Date "2018.08.12"]
[Round "9"]
[White "Stocek, Jiri"]
[Black "Stark, Lars"]
[Result "1-0"]
[WhiteElo "2582"]
[BlackElo "2368"]
[Annotator "ChessBase"]
[PlyCount "57"]
[EventDate "2018.08.06"]
[EventType "swiss"]
[EventCountry "LAT"]
[SourceTitle "playchess.com"]
[Source "ChessBase"]
[SourceQuality "1"]
[TimeControl "5400+30"]

1. d4 {[%emt 0:06:30]} Nf6 {[%emt 0:00:00]} 2. Nf3 {[%emt 0:00:09]} e6 {[%emt 0:05:15]} 3. c4 {[%emt 0:04:05]} b6 {[%emt 0:04:42]} 4. Nc3 {[%emt 0:00:25]} Bb7 {[%emt 0:00:28]} 5. Bg5 {[%emt 0:00:27]} Bb4 {[%emt 0:01:02]} 6. Nd2 {[%emt 0:01:30]} Be7 {[%emt 0:11:27]} 7. e4 {[%emt 0:06:18]} d6 {[%emt 0:00:25]} 8. Be3 {[%emt 0:01:08]} O-O {[%emt 0:05:31]} 9. h4 {[%emt 0:05:08]} c5 {[%emt 0:10:02]} 10. d5 {[%emt 0:00:11]} exd5 {[%emt 0:05:18]} 11. cxd5 {[%emt 0:02:34]} Na6 {[%emt 0:04:36]} 12. h5 {[%emt 0:07:25]} Nc7 {[%emt 0:02:44]} 13. h6 {[%emt 0:01:35]} g6 {[%emt 0:00:03]} 14. a4 {[%emt 0:00:38]} Na6 {[%emt 0:00:38]} 15. a5 {[%emt 0:02:14]} Nb4 {[%emt 0:00:16]} 16. Be2 {[%emt 0:05:33]} Nxe4 {[%emt 0:03:25]} 17. Ndxe4 {[%emt 0:01:23]} f5 {[%emt 0:00:05]} 18. O-O {[%emt 0:08:00]} fxe4 {[%emt 0:00:39]} 19. Bg4 {[%emt 0:07:13]} Ba6 {[%emt 0:05:10]} 20. Be6+ {[%emt 0:00:17]} Kh8 {[%emt 0:00:03]} 21. Nxe4 {[%emt 0:02:07]} Bd3 {[%emt 0:00:10]} 22. f3 {[%emt 0:04:07]} Bxe4 {[%emt 0:05:46]} 23. fxe4 {[%emt 0:02:02]} Rxf1+ {[%emt 0:00:15]} 24. Qxf1 {[%emt 0:04:01]} Bf6 {[%emt 0:01:57]} 25. axb6 {[%emt 0:01:26]} a6 {[%emt 0:00:22]} 26. b7 {[%emt 0:09:37]} Rb8 {[%emt 0:00:11]} 27. Qf3 {[%emt 0:00:51]} Nc2 {[%emt 0:05:41]} 28. Rf1 {[%emt 0:00:20]} Be5 {[%emt 0:05:34]} 29. Bg5 {[%emt 0:01:35]} 1-0

[Event "8th RTU Open 2018"]
[Site "Riga"]
[Date "2018.08.12"]
[Round "9"]
[White "Petrosyan, Manuel"]
[Black "Meskovs, Nikita"]
[Result "1-0"]
[WhiteElo "2567"]
[BlackElo "2524"]
[Annotator "ChessBase"]
[PlyCount "79"]
[EventDate "2018.08.06"]
[EventType "swiss"]
[EventCountry "LAT"]
[SourceTitle "playchess.com"]
[Source "ChessBase"]
[SourceQuality "1"]
[TimeControl "5400+30"]

1. d4 {[%emt 0:00:00]} Nf6 {[%emt 0:00:00]} 2. Nf3 {[%emt 0:00:00]} e6 {[%emt 0:00:00]} 3. c4 {[%emt 0:00:02]} b6 {[%emt 0:00:00]} 4. g3 {[%emt 0:00:06]} Bb7 {[%emt 0:00:00]} 5. Bg2 {[%emt 0:00:11]} Bb4+ {[%emt 0:00:00]} 6. Bd2 {[%emt 0:00:14]} a5 {[%emt 0:00:05]} 7. O-O {[%emt 0:00:07]} O-O {[%emt 0:00:05]} 8. Bf4 {[%emt 0:00:47]} Be7 {[%emt 0:00:07]} 9. Nc3 {[%emt 0:00:13]} Ne4 {[%emt 0:00:06]} 10. Qc2 {[%emt 0:00:52]} Nxc3 {[%emt 0:00:06]} 11. Qxc3 {[%emt 0:00:05]} d6 {[%emt 0:00:36]} 12. Rad1 {[%emt 0:02:24]} Nd7 {[%emt 0:02:59]} 13. Qd3 {[%emt 0:01:36]} Nf6 {[%emt 0:05:19]} 14. Nd2 {[%emt 0:00:46]} Bxg2 {[%emt 0:05:07]} 15. Kxg2 {[%emt 0:00:08]} Nd7 {[%emt 0:13:18]} 16. Ne4 {[%emt 0:11:07]} Re8 {[%emt 0:10:51]} 17. Nc3 {[%emt 0:03:48]} Bf6 {[%emt 0:00:38]} 18. b3 {[%emt 0:07:12]} e5 {[%emt 0:15:55]} 19. dxe5 {[%emt 0:02:57]} Nc5 {[%emt 0:04:43]} 20. Qf3 {[%emt 0:09:41]} Bxe5 {[%emt 0:00:45]} 21. Bxe5 {[%emt 0:00:07]} Rxe5 {[%emt 0:00:05]} 22. Nb5 {[%emt 0:00:05]} Re7 {[%emt 0:06:20]} 23. Rd4 {[%emt 0:03:27]} Qc8 {[%emt 0:04:28]} 24. Nc3 {[%emt 0:04:25]} Ra7 {[%emt 0:08:43]} 25. Nd5 {[%emt 0:02:19]} Re5 {[%emt 0:01:00]} 26. Rfd1 {[%emt 0:01:27]} Qe8 {[%emt 0:00:46]} 27. Rg4 {[%emt 0:03:10]} Qe6 {[%emt 0:03:36]} 28. Rdd4 {[%emt 0:04:15]} Nd7 {[%emt 0:04:51]} 29. Rd2 {[%emt 0:14:28]} Kf8 {[%emt 0:02:46]} 30. Rf4 {[%emt 0:08:23]} Kg8 {[%emt 0:03:52]} 31. Nc3 {[%emt 0:01:41]} Nc5 {[%emt 0:02:50]} 32. h4 {[%emt 0:03:29]} Rb7 {[%emt 0:01:05]} 33. Nb5 {[%emt 0:02:05]} Re4 {[%emt 0:00:56]} 34. Rf5 {[%emt 0:01:41]} h6 {[%emt 0:03:34]} 35. Nc3 {[%emt 0:01:56]} Re5 {[%emt 0:00:37]} 36. Rxe5 {[%emt 0:00:05]} Qxe5 {[%emt 0:00:04]} 37. Rd5 {[%emt 0:00:13]} Qf6 {[%emt 0:01:38]} 38. Rf5 {[%emt 0:00:04]} Qd4 {[%emt 0:00:37]} 39. Rxf7 {[%emt 0:00:19]} Qe5 {[%emt 0:00:29]} 40. Rf5 {[%emt 0:00:32]} 1-0